Catálogo bibliográfico (Record no. 4199)
[ view plain ]
| 000 -CABECERA | |
|---|---|
| campo de control de longitud fija | 01110nam a2200301 a 4500 |
| 001 - NÚMERO DE CONTROL | |
| campo de control | BRCA_4493 |
| 005 - FECHA Y HORA DE LA ÚLTIMA TRANSACCIÓN | |
| campo de control | 20190320204706.0 |
| 008 - DATOS DE LONGITUD FIJA--INFORMACIÓN GENERAL | |
| campo de control de longitud fija | 140910s1948----mx-a######---#000-0#spa-# |
| 041 ## - CÓDIGO DE LENGUA | |
| Código de lengua del texto/banda sonora o título independiente | spa |
| 044 ## - CÓDIGO DEL PAÍS DE LA ENTIDAD EDITORA/PRODUCTORA | |
| Código MARC del país | mx |
| 050 #4 - SIGNATURA TOPOGRÁFICA DE LA BIBLIOTECA DEL CONGRESO | |
| Número de clasificación | Z491 |
| Número de documento/Ítem | .P67 1948 |
| 100 1# - ENTRADA PRINCIPAL--NOMBRE DE PERSONA | |
| Nombre de persona | Porrúa, Manuel |
| 9 (RLIN) | 11382 |
| 245 10 - MENCIÓN DE TÍTULO | |
| Título | Catálogo bibliográfico |
| Mención de responsabilidad, etc. | Manuel Porrúa ; advertencia preliminar por Agustín Millares Carlo. |
| 260 ## - PUBLICACIÓN, DISTRIBUCIÓN, ETC. | |
| Lugar de publicación, distribución, etc. | México |
| Nombre del editor, distribuidor, etc. | Porrúa |
| Fecha de publicación, distribución, etc. | 1948 |
| 300 ## - DESCRIPCIÓN FÍSICA | |
| Extensión | 124 p. |
| Otras características físicas | il. |
| Dimensiones | 25 cm. |
| 440 #0 - MENCIÓN DE SERIE/PUNTO DE ACCESO ADICIONAL--TÍTULO | |
| Título | Libros |
| Designación de volumen o secuencia | 2 |
| 9 (RLIN) | 11383 |
| 500 ## - NOTA GENERAL | |
| Nota general | Ejemplar numerado 111 de 300 |
| 500 ## - NOTA GENERAL | |
| Nota general | CFG5 |
| 501 ## - NOTA DE "CON" | |
| Nota de “Con” | Con: I. Impresos Mexicanos del Siglo XVI (´El arte tipográfico de Antonio Espinoza y Pedro Ocharte´. Estudio crítico del Dr. Emilio Valtón). -- II. Impresos raros. -- III. Otros libros importantes |
| 650 14 - PUNTO DE ACCESO ADICIONAL DE MATERIA--TÉRMINO DE MATERIA | |
| Término de materia o nombre geográfico como elemento de entrada | Bibliografía |
| Subdivisión general | Primeros libros impresos |
| Subdivisión cronológica | Siglo XVI |
| Subdivisión geográfica | México |
| 9 (RLIN) | 11384 |
| 650 14 - PUNTO DE ACCESO ADICIONAL DE MATERIA--TÉRMINO DE MATERIA | |
| Término de materia o nombre geográfico como elemento de entrada | Libros antiguos |
| 9 (RLIN) | 11385 |
| 650 14 - PUNTO DE ACCESO ADICIONAL DE MATERIA--TÉRMINO DE MATERIA | |
| Término de materia o nombre geográfico como elemento de entrada | Librerías |
| Subdivisión general | Libreros |
| 9 (RLIN) | 11386 |
| 650 14 - PUNTO DE ACCESO ADICIONAL DE MATERIA--TÉRMINO DE MATERIA | |
| Término de materia o nombre geográfico como elemento de entrada | Incunables |
| Subdivisión de forma | Facsímiles |
| 9 (RLIN) | 11387 |
| 650 14 - PUNTO DE ACCESO ADICIONAL DE MATERIA--TÉRMINO DE MATERIA | |
| Término de materia o nombre geográfico como elemento de entrada | Libros raros |
| 9 (RLIN) | 11388 |
| 700 1# - PUNTO DE ACCESO ADICIONAL--NOMBRE DE PERSONA | |
| Nombre de persona | Millares Carlo, Agustín |
| 9 (RLIN) | 11389 |
| 902 ## - CATALOGADOR | |
| Iniciales | GFM |
| 942 ## - ELEMENTOS DE PUNTO DE ACCESO ADICIONAL (KOHA) | |
| Fuente del sistema de clasificación o colocación | Library of Congress Classification |
| Tipo de ítem Koha | Libros |
| Estado de retiro | Estado de pérdida | Estado dañado | No para préstamo | Localización permanente | Ubicación/localización actual | Fecha de adquisición | Número de inventario | Total de préstamos | Signatura topográfica completa | Código de barras | Fecha visto por última vez | Precio válido a partir de | Tipo de ítem Koha |
|---|---|---|---|---|---|---|---|---|---|---|---|---|---|
| El ejemplar forma parte de la colección y puede ser consultado según las políticas vigentes. | Biblioteca del Museo Franz Mayer (Rogerio Casas-Alatriste) | Biblioteca del Museo Franz Mayer (Rogerio Casas-Alatriste) | 14/09/2010 | CFG5 | Z491 .P67 1948 (CFG5) | 4490 | 22/03/2019 | 22/03/2019 | Libros |